MDQL
is popping MORE tags! Check the
thread
!
Quizzes
Events
Quiz Creation
Community
Videos
Private Events
Remove Ads
Sign In
Join for FREE
Feedback
Dark Mode
Quiz Categories
Sports
Geography
Music
Movies
Television
Just For Fun
Miscellaneous
History
Literature
Language
Science
Gaming
Entertainment
Religion
Holiday
For Kids
Quiz Lab
Recent
Popular Today
Quiz Kudos Today
Editor Picks
Curator Picks
Quizzes by...
Day
Popularity
Type
Ratings
Length
Year
Community
Subscriptions
Recent Discussions
Orange Saloon
Badges
Playlists
Quests
Create
Leaderboards
Showdown
Live 5
Trivia Bingo
Activity
Puzzle Library
Sporcle Events
Private Events
Virtual Trivia
Globe League
Become a Host
Pub Owners
SporcleCon
Opinionation
Our Games
Videos
Blog
Mobile Apps
Partnerships
Remove Ads and Go Orange
Feedback
Sports
Athletes
MLB
NBA
NHL
NFL
Soccer
Sports Teams
WWE
NCAA
Football
Premier League
Basketball
Baseball
Hockey
Golf
Tennis
Cricket
Rugby
Auto Racing
Olympics
World Cup
Sports
Athletes
MLB
NBA
NHL
NFL
Soccer
Sports Teams
WWE
NCAA
Football
Premier League
Basketball
Baseball
Hockey
Golf
Tennis
Cricket
Rugby
Auto Racing
Olympics
World Cup
Random Quiz
Search Sporcle
×
Quiz Lab
Quiz Lab
Sports
busch
Type in answers that appear in a list
Type in answers that appear in a list
Classic
Best Score? Go Orange.
NASCAR Busch/Nationwide Top 10 Points Finishers (82-11) Stats
Can you name the NASCAR Busch/Nationwide Top 10 Points Finishers (82-11)?
By
ellison82
16m
300 Questions
512 Plays
512 Plays
512 Plays
Comments
Comments
Give Quiz Kudos
Give Quiz Kudos
-
- Ratings
hide this ad
Replay
Link that replays current quiz
Next Quiz
Link to next quiz in quiz playlist
You Got
0%
They Got
Avg Score
64%
Avg Friend Score
Upgrade to see
Score Distribution
Jump to the score distribution portion of the page
Score
0/300
Timer
16:00
0
Plays Today
% Correct
Dale Earnhardt Jr.
98.4%
Dale Earnhardt Jr.
98.4%
Kyle Busch
97.1%
Kyle Busch
97.1%
Kyle Busch
97.1%
Kyle Busch
97.1%
Kyle Busch
97.1%
Kevin Harvick
94.9%
Kevin Harvick
94.9%
Kevin Harvick
94.9%
Kevin Harvick
94.9%
Kevin Harvick
94.9%
Carl Edwards
93.6%
Carl Edwards
93.6%
Carl Edwards
93.6%
Carl Edwards
93.6%
Carl Edwards
93.6%
Carl Edwards
93.6%
Martin Truex Jr.
90.8%
Martin Truex Jr.
90.8%
Kenny Wallace
90.2%
Kenny Wallace
90.2%
Kenny Wallace
90.2%
Kenny Wallace
90.2%
David Green
90.2%
David Green
90.2%
Kenny Wallace
90.2%
Jeff Green
90.2%
David Green
90.2%
Jeff Green
90.2%
Jeff Green
90.2%
Jeff Green
90.2%
David Green
90.2%
Jeff Green
90.2%
Greg Biffle
90.2%
Kenny Wallace
90.2%
Greg Biffle
90.2%
Kenny Wallace
90.2%
David Green
90.2%
Greg Biffle
90.2%
David Green
90.2%
Kenny Wallace
90.2%
Kenny Wallace
90.2%
David Green
90.2%
Greg Biffle
90.2%
Greg Biffle
90.2%
Greg Biffle
90.2%
Mike Wallace
90.2%
Steve Wallace
90.2%
Steve Wallace
90.2%
Kenny Wallace
90.2%
Steve Wallace
90.2%
Bobby Labonte
89.5%
Bobby Labonte
89.5%
Bobby Labonte
89.5%
Brad Keselowski
89.3%
Brad Keselowski
89.3%
Brad Keselowski
89.3%
Elliott Sadler
88.9%
Elliott Sadler
88.9%
Elliott Sadler
88.9%
Hermie Sadler
88.7%
Hermie Sadler
88.7%
Hermie Sadler
88.7%
Hermie Sadler
88.7%
Matt Kenseth
88.3%
Matt Kenseth
88.3%
Matt Kenseth
88.3%
Ricky Stenhouse Jr.
86.3%
Mark Martin
85.4%
Jeff Gordon
85.4%
Clint Bowyer
85.4%
Clint Bowyer
85.4%
Clint Bowyer
85.4%
Brian Vickers
85%
Ward Burton
84.4%
Jeff Burton
84.4%
Ward Burton
84.4%
Joe Nemechek
84%
Joe Nemechek
84%
Joe Nemechek
84%
Johnny Benson Jr.
83%
Johnny Benson Jr.
83%
Brett Bodine
80.3%
Brett Bodine
80.3%
Todd Bodine
80.3%
Todd Bodine
80.3%
Todd Bodine
80.3%
Todd Bodine
80.3%
Todd Bodine
80.3%
Todd Bodine
80.3%
Todd Bodine
80.3%
Jimmie Johnson
80.1%
Jimmie Johnson
80.1%
Denny Hamlin
78.1%
Denny Hamlin
78.1%
Sam Ard
77.9%
Sam Ard
77.9%
Sam Ard
77.9%
Randy LaJoie
77.3%
% Correct
Randy LaJoie
77.3%
Randy LaJoie
77.3%
Randy LaJoie
77.3%
Randy LaJoie
77.3%
Joey Logano
76%
Ron Hornaday Jr.
75.4%
Ron Hornaday Jr.
75.4%
Rony Hornaday Jr.
75.4%
Jamie McMurray
74.8%
Dale Jarrett
74.6%
Dale Jarrett
74.6%
Dale Jarrett
74.6%
Dale Jarrett
74.6%
Dale Jarrett
74.6%
Dale Jarrett
74.6%
Bobby Hamilton Jr.
74.2%
Bobby Hamilton Jr.
74.2%
Bobby Hamilton Jr.
74.2%
Steve Park
72.9%
Kasey Kahne
72.9%
Reed Sorenson
69.3%
Reed Sorenson
69.3%
Reed Sorenson
69.3%
Trevor Bayne
67.2%
Jason Keller
66.8%
Jason Keller
66.8%
Jason Keller
66.8%
Jason Keller
66.8%
Jason Keller
66.8%
Jason Keller
66.8%
Jason Keller
66.8%
Jason Keller
66.8%
Jason Keller
66.8%
Jason Keller
66.8%
Jimmy Spencer
66.4%
Larry Pearson
66%
Larry Pearson
66%
Larry Pearson
66%
Larry Pearson
66%
Larry Pearson
66%
Larry Pearson
66%
Dave Blaney
65.4%
David Ragan
65.4%
David Ragan
65.4%
Jack Ingram
65.2%
Jack Ingram
65.2%
Jack Ingram
65.2%
Jack Ingram
65.2%
Jack Ingram
65.2%
Jack Ingram
65.2%
Jack Ingram
65.2%
Jack Ingram
65.2%
Ricky Craven
65%
Ricky Craven
65%
Robert Ingram
64.8%
Steve Grissom
64.5%
Steve Grissom
64.5%
Steve Grissom
64.5%
Johnny Sauter
62.3%
Johnny Sauter
62.3%
Jason Leffler
62.3%
Jason Leffler
62.3%
Jason Leffler
62.3%
Jason Leffler
62.3%
Jason Leffler
62.3%
Buckshot Jones
61.9%
Buckshot Jones
61.9%
Scott Riggs
61.7%
Scott Riggs
61.7%
Paul Menard
60.7%
Paul Menard
60.7%
Paul Menard
60.7%
Chad Little
60.4%
Chad Little
60.4%
Chad Little
60.4%
Chad Little
60.4%
Justin Allgaier
59.6%
Justin Allgaier
59.6%
Justin Allgaier
59.6%
Mike Bliss
58.6%
Mike Bliss
58.6%
J.J. Yeley
58.6%
Mike Bliss
58.6%
Mike Bliss
58.6%
David Reutimann
57.8%
David Reutimann
57.8%
Rob Moroso
56.8%
Rob Moroso
56.8%
Aric Almirola
56.6%
Phil Parsons
55.3%
Phil Parsons
55.3%
Phil Parsons
55.3%
Phil Parsons
55.3%
Phil Parsons
55.3%
Robert Pressley
54.7%
Robert Pressley
54.7%
Robert Pressley
54.7%
Tommy Houston
54.3%
Tommy Houston
54.3%
Tommy Houston
54.3%
% Correct
Tommy Houston
54.3%
Tommy Houston
54.3%
Tommy Houston
54.3%
Tommy Houston
54.3%
Tommy Houston
54.3%
Tommy Houston
54.3%
Tommy Houston
54.3%
Rick Mast
54.1%
Rick Mast
54.1%
Rick Mast
54.1%
Rick Mast
54.1%
David Stremme
53.9%
Marcos Ambrose
53.9%
Marcos Ambrose
53.9%
Chuck Bown
53.5%
Chuck Bown
53.5%
Chuck Bown
53.5%
Chuck Bown
53.5%
Mike McLaughlin
52.7%
Mike McLaughlin
52.7%
Mike McLaughlin
52.7%
Mike McLaughlin
52.7%
Mike McLaughlin
52.7%
Mike McLaughlin
52.7%
Mike McLaughlin
52.7%
Casey Atwood
52.1%
Scott Wimmer
52%
Scott Wimmer
52%
Jack Sprague
51.8%
Elton Sawyer
50.6%
Elton Sawyer
50.6%
Elton Sawyer
50.6%
Elton Sawyer
50.6%
Elton Sawyer
50.6%
Elton Sawyer
50.6%
Tim Fedewa
49.8%
Tim Fedewa
49.8%
Tim Fedewa
49.8%
Tim Fedewa
49.8%
Tommy Ellis
48.8%
Tommy Ellis
48.8%
Tommy Ellis
48.8%
Tommy Ellis
48.8%
Tommy Ellis
48.8%
Kevin Lepage
48.8%
Jeff Purvis
45.5%
Jeff Purvis
45.5%
Brendan Gaughan
45.3%
Jimmy Hensley
43%
Jeff Hensley
43%
Jeff Hensley
43%
Jimmy Hensley
43%
Jimmy Hensley
43%
Jimmy Hensley
43%
Jimmy Hensley
43%
Jimmy Hensley
43%
Jimmy Hensley
43%
Stacy Compton
42.4%
Michael Annett
40.2%
Michael Annett
40.2%
Tony Raines
39.1%
Brian Scott
37.9%
Dennis Setzer
36.1%
Ashton Lewis
33.4%
Butch Miller
32.8%
Jeff Fuller
32.4%
Stephen Leicht
32%
L.D. Ottinger
31.4%
L.D. Ottinger
31.4%
L.D. Ottinger
31.4%
L.D. Ottinger
31.4%
L.D. Ottinger
31.4%
L.D. Ottinger
31.4%
L.D. Ottinger
31.4%
Mike Alexander
25.4%
Mike Alexander
25.4%
Brad Teague
24%
Bobby Dotter
21.9%
Bobby Dotter
21.9%
Ronnie Silver
21.1%
Ronnie Silver
21.1%
Ronnie Silver
21.1%
Ronnie Silver
21.1%
Tom Peck
20.9%
Tom Peck
20.9%
Tom Peck
20.9%
Butch Lindley
17.4%
Ronald Cooper
16.4%
Larry Pollard
15.2%
Larry Pollard
15.2%
Pete Silva
14.3%
Pete Silva
14.3%
Eddie Falk
12.1%
Eddie Falk
12.1%
Joe Thurman
11.1%
Bob Shreeves
10.9%
Charlie Luck
10.9%
Bob Shreeves
10.9%
Charlie Luck
10.9%
Jimmy Lawson
9.4%
Quiz Playlist
Details
Report
Send in Message
Add To Playlist
Classic:
Type in answers that appear in a list
Last Updated: Feb 16, 2017
Quiz Scoreboard
CHALLENGE
Sign Up to Join the Scoreboard
Show All
Scores
Hide
Comments
May contain spoilers
Recently Published
Holiday 10x10 Sorting Gallery
by lukepisani3
Holiday
15m
Two Season TV Shows II
by 123Four
Television
10m
Image Sorting: Flags VI
by Barbecue
Geography
2m
More to Explore
Quiz From the Vault
Featured Blog Post
14 Easter Pick-up Lines to Find Eggs With
hide this ad
You Might Also Like...
Tags
busch
Finisher
NASCAR
Nationwide
point
Top 10
Today's Top Quizzes in Sports
Browse Sports
hide this ad
Top Contributed Quizzes in Sports
1
Les meilleurs buteurs des matchs entre le PSG et l’OM
2
Les entraîneurs de l'OM et du PSG au 21e siècle
3
2022 World Cup Stars
4
Players with Multiple 50 Home Run Seasons
5
Les joueurs passés par le PSG et l'OM
6
FIFA Club World Cup Champions
7
Top 10 NHL Goal Scorers of All Time
8
Criteria MLB: Left Handed Sluggers
9
Les joueurs passés par le LOSC et le RC Lens
10
2023 MLB Unique Player Accomplishments
Explore More
Trending Topics
Anime
Marvel
Crossword
NBA
Harry Potter
Disney
Kpop
Pokémon
NFL
Country
WWE
Soccer
The Office
Puzzle
Song
hide this ad
More By:
ellison82
Quiz
Plays
Rating
Category
Featured
Created
Daytona 500 Starters since 1980
546
4.00
Sports
Jan 15, 2012
NASCAR Busch/Nationwide Top 10 Points Finishers (82-11)
512
5.00
Sports
Jan 12, 2012
NASCAR Truck Series Tracks
508
5.00
Sports
Jan 16, 2012
NASCAR Truck Series Top 10 Points Finishers (95-17)
371
5.00
Sports
Jan 11, 2012
NASCAR Cup Top 10 Finishers at Bristol (90-99)
367
4.00
Sports
Feb 17, 2015
Go to Creator's Profile
Score Distribution
Quiz Creator Spotlight
ellison82
Follow
Send a Message
Quizzes Created
-
Created Quiz Play Count
-
More By This Creator
Popular Quizzes Today
1
Find the US States - No Outlines Minefield
2
Colored Red Africa Blitz
3
Find the 'City' Movie
4
The Countries of the World
5
Find the US States
6
5x2 Blitz: Bands
7
Find the Countries of Europe - No Outlines Minefield
8
US States
More Sports Quizzes
5 Minute Blitz: Top 100 NBA Scorers
Curator's Pick
Trending Quizzes
Colored Red Europe Blitz I
Colored Red Europe Blitz II
Colored Red Africa Blitz II
Colored Red Europe Blitz III
Colored Red Africa Blitz III
Recently Updated
Odd Team Out - Big 4 Players
pecheneg
Quick Pick: 20 Twenties
pecheneg
March Madness Men's Triple Doubles
pecheneg
How Do You Spell That?
pecheneg
Godzilla Movies
pecheneg
Grab Bag: 4-10 Letters
pecheneg
2024 March Madness Bracket
pecheneg
Famous TV Couples
Peacemaker
Champions League XIs: Real Madrid
pecheneg
Largest US Cities 1790-2010
pecheneg
Trending Topics
Anime
Kpop
Harry Potter
NBA
Marvel
Crossword
Disney
WWE
Pokémon
Puzzle
The Office
NFL
Song
Country
Soccer
Your Account Isn't Verified!
In order to create a playlist on Sporcle, you need to verify the email address you used during registration. Go to your
Sporcle Settings
to finish the process.
Report this User
Report this user for behavior that violates our
Community Guidelines
.
Details:
Send Report
Go to the Sporcle.com Mobile Site →
Comments